We Can Do Better : A Departure into the world to tomorrow (Record no. 41942)

MARC details
000 -LEADER
fixed length control field 00330nam a2200121Ia 4500
008 - FIXED-LENGTH DATA ELEMENTS--GENERAL INFORMATION
fixed length control field 241015s9999 xx 000 0 und d
041 ## - LANGUAGE CODE
Language code of text/sound track or separate title eng
082 ## - DEWEY DECIMAL CLASSIFICATION NUMBER
Classification number 823 GOP
100 ## - MAIN ENTRY--PERSONAL NAME
Personal name Gopel Maja
245 ## - TITLE STATEMENT
Title We Can Do Better : A Departure into the world to tomorrow
260 ## - PUBLICATION, DISTRIBUTION, ETC.
Name of publisher, distributor, etc. Scribe Publication
Place of publication, distribution, etc. Uk
Date of publication, distribution, etc. 2024
300 ## - PHYSICAL DESCRIPTION
Extent 265;. P. 23 cm

No items available.

Designed & Maintained by: LRC IMT Nagpur Contact: lrc@imtnag.ac.in© 2024. All Rights Reserved.